[Event "AUTO-BEG-538"]
[Site "http://www.queenalice.com/game.php?id=1055304"]
[Date "2012.5.2"]
[Round "1"]
[White "marcomasa"]
[Black "Collins"]
[Result "1-0"]
[WhiteElo "1086"]
[BlackElo "947"]

1. e4 e5 2. Nf3 Nc6 3. Nc3 g6 4. a3 f5 5. Bd3 Bd6 6. b4 Nf6 7. Qe2 Rb8 8. Ng5
Nd4 9. Qe3 f4 10. Qf3 h6 11. Qh3 Ke7 12. Nf3 b5 13. Nh4 g5 14. Ng6+ Ke8 15. Nxh8
Ke7 16. Qxh6 Ng8 17. Qxg5+ Nf6 18. Qg7+ Ke6 19. Qf7# 1-0

[Event "AUTO-BEG-538"]
[Site "http://www.queenalice.com/game.php?id=1055305"]
[Date "2012.5.2"]
[Round "1"]
[White "Collins"]
[Black "marcomasa"]
[Result "0-1"]
[WhiteElo "947"]
[BlackElo "1151"]

1. e4 e5 2. c4 Bc5 3. Nh3 Nf6 4. f3 Nc6 5. Nc3 d6 6. Ng5 Bd7 7. a3 h6 8. Nh3 a6
9. Bd3 Nd4 10. Rf1 Nh7 11. Nd5 c6 12. Nc3 Qf6 13. b4 Ba7 14. Rb1 Qg6 15. g4 Qf6
16. Rg1 Nxf3+ 17. Ke2 Nxg1+ 18. Qxg1 Bxg1 0-1

[Event "AUTO-BEG-539"]
[Site "http://www.queenalice.com/game.php?id=1056128"]
[Date "2012.5.4"]
[Round "1"]
[White "Collins"]
[Black "bdpq"]
[Result "0-1"]
[WhiteElo "943"]
[BlackElo "1169"]

1. e3 d5 2. d4 e6 3. Nc3 Bb4 4. a3 Bxc3+ 5. bxc3 Ne7 6. Qd3 Qd6 7. Bd2 Nf5 8. g3
O-O 9. g4 Nh4 10. Nh3 b6 11. Ng5 Ng6 12. h4 f5 13. gxf5 Rxf5 14. Rg1 Nxh4 15.
Rg4 Ba6 16. c4 Bxc4 17. Qxf5 Nxf5 18. Bb4 Qc6 19. Bg2 a5 20. Bc3 Qa4 21. Nxe6
Qxc2 22. Nxc7 Qxc3+ 0-1

[Event "AUTO-BEG-539"]
[Site "http://www.queenalice.com/game.php?id=1056129"]
[Date "2012.5.4"]
[Round "1"]
[White "bdpq"]
[Black "Collins"]
[Result "1-0"]
[WhiteElo "1531"]
[BlackElo "1048"]

1. e4 e5 2. d3 f6 3. Be3 Nc6 4. Nc3 a5 5. Nb5 Nb4 6. d4 exd4 7. Nxd4 Bd6 8. Nb5
Be5 9. c3 Nc6 10. Bd3 g5 11. Nf3 g4 12. Nd2 Nge7 13. O-O Na7 14. Nc4 Rg8 15.
Nxe5 fxe5 16. Be2 c6 17. Nd6+ Kf8 18. Bh6+ Rg7 19. Bxg4 Kg8 20. Bxg7 Kxg7 21.
Bh5 b6 22. Qg4+ Ng6 23. Qf5 Ne7 24. Qf7+ Kh6 25. Qf6+ Kxh5 26. Qf3+ Kh6 27. Nf7+
1-0

[Event "Challenge"]
[Site "http://www.queenalice.com/game.php?id=1083684"]
[Date "2012.7.17"]
[Round "-"]
[White "Collins"]
[Black "Noodles"]
[Result "0-1"]
[WhiteElo "1176"]
[BlackElo "1336"]

1. d3 Nc6 2. b4 Nxb4 3. Nf3 a5 4. Nd4 Ra6 5. Be3 e5 6. Nc3 exd4 7. Bxd4 Nh6 8.
Nb5 c6 9. Bxg7 Bxg7 10. Qd2 Bxa1 11. g3 Nd5 0-1

[Event "Challenge"]
[Site "http://www.queenalice.com/game.php?id=1084664"]
[Date "2012.7.19"]
[Round "-"]
[White "Rogerio11"]
[Black "Collins"]
[Result "0-1"]
[WhiteElo "1359"]
[BlackElo "1145"]

1. e4 d6 2. Bc4 Nh6 3. d3 Bg4 4. f3 Bd7 5. f4 c5 6. e5 dxe5 7. fxe5 e6 8. Nc3
Nc6 9. Bf4 Nd4 10. Ne4 b5 11. Nd6+ Ke7 12. Bg5+ f6 13. Bh4 Qa5+ 14. Kf1 g5 15.
Bg3 Bc6 16. c3 Ndf5 17. Bb3 Ne3+ 18. Ke1 Nxd1 19. Kxd1 fxe5 20. Bxe5 Rg8 21. d4
Bxg2 22. dxc5 Bxh1 23. Ne2 Ng4 24. Bg3 h5 25. Nd4 h4 26. Be1 Nxh2 27. Bxe6 Rg6
28. Nc6+ Kxe6 29. Nxa5 Bf3+ 30. Kc2 h3 31. Nc6 Bxc6 32. Rd1 Nf3 33. Bg3 Ke7 34.
Nf5+ Kf6 35. Rd6+ Kxf5 36. Rd3 Kg4 37. Be5 Re8 38. Bc7 Ne1+ 39. Kd2 Nxd3 40.
Kxd3 Bxc5 41. b4 Be7 42. c4 Bxb4 43. Kc2 Re2+ 44. Kb1 Be4+ 45. Ka1 Bc3# 0-1

[Event "Challenge"]
[Site "http://www.queenalice.com/game.php?id=1090082"]
[Date "2012.8.4"]
[Round "-"]
[White "Noodles"]
[Black "Collins"]
[Result "1-0"]
[WhiteElo "1303"]
[BlackElo "1157"]

1. g3 c6 2. b3 d5 3. Bb2 e6 4. b4 a5 5. bxa5 Rxa5 6. g4 Na6 7. e3 Nb4 8. Be5 Bd6
9. Bxd6 Qxd6 10. Nc3 h6 11. Bd3 e5 12. Qf3 f5 13. gxf5 Nf6 14. Nxd5 cxd5 15. c3
1-0